000 01635cam a2200397 i 4500
001 23654725
003 EG-ScBUE
005 20250223103311.0
008 240423t2024 paua f 001 0 eng d
020 _a9781975180959
020 _a197518095X
040 _aDLC
_beng
_erda
_cDLC
_dEG-ScBUE
082 0 4 _222
_a574.87
_bCHA
100 1 _aChandar, Nalini,
_eauthor.
245 1 0 _aCell and molecular biology /
_cNalini Chandar, PhD, Professor, Department of Biochemistry and Molecular Genetics, Midwestern University, Downers Grove, Illinois, Susan Viselli, PhD, Professor, Department of Biochemistry and Molecular Genetics, Midwestern University, Downers Grove, Illinois.
250 _aThird edition.
250 _aInternational edition.
264 1 _aPhiladelphia :
_bWolters Kluwer,
_c[2024]
264 4 _cc2024
300 _a270 pages :
_bcolor illustrations ;
_c28 cm.
336 _atext
_btxt
_2rdacontent
337 _aunmediated
_bn
_2rdamedia
338 _avolume
_bnc
_2rdacarrier
490 0 _aLippincott's illustrated reviews
500 _aIncludes index.
500 _aRevised edition of: Cell and molecular biology / Nalini Chandar, Susan Viselli. Second edition. [2019].
650 7 _aCytology
_vExaminations, questions, etc.
_2BUEsh
650 7 _aCytology
_vOutlines, syllabi, etc.
_2BUEsh
650 7 _aMolecular biology
_vExaminations, questions, etc.
_2BUEsh
650 7 _aMolecular biology
_vOutlines, syllabi, etc.
_2BUEsh
653 _cFebruary2025
_bPPhrm
700 1 _aViselli, Susan,
_eauthor.
906 _a7
_bcbc
_corignew
_d2
_encip
_f20
_gy-gencatlg
942 _2ddc
_cBB
999 _c30911
_d30882